000 01598cam a2200169 4500500
005 20260111091139.0
041 _afre
042 _adc
100 1 0 _aHausman, Noëlle
_eauthor
245 0 0 _aHolzner J., Le défi culturel chrétien selon saint Paul, rééd., coll. Aurore, Paris, Téqui, 2002, 18x11, 287 p., 15 €. ISBN 2-7403-0943-0
260 _c2005.
500 _a48
520 _a« Où va la vie consacrée ? », demande ingénument le titre de l’ouvrage qui est à l’origine de cet article. Là où elle s’est toujours trouvée, est-il répondu, c’est-à-dire au cœur de Dieu. Mais aussi, et c’est moins aperçu, la vie consacrée va là où va l’Église, le devenir de l’une étant, même et surtout en Occident, inséparable de l’avenir de l’autre. Au terme, on indique encore comment la vie consacrée peut se trouver au cœur du monde que nous aimons.
520 _aThe A. asks a question which echoes the title of her recent book : Whereto the consecrated life ? The answer is : It goes to God’s very heart where it has always found itself. It goes also there (although this might seem less obvious) where the Church goes : the future of the consecrated life, even and uppermost in the West, is inseparable of the Church’s future. It remains to show how the consecrated life can find itself in the heart of the world which we love.
786 0 _nNouvelle revue théologique | 127 | 1 | 2005-01-03 | p. 118o-134o | 0029-4845
856 4 1 _uhttps://shs.cairn.info/revue-nouvelle-revue-theologique-2005-1-page-118o?lang=fr&redirect-ssocas=7080
999 _c1620415
_d1620415